Autostrade e Province attraversate - Quiz n°4 - Statistics

Statistiche generali
  • Questo quiz è stato fatto 12 volte
  • Il punteggio medio è 20 su 30
Statistiche sulle risposte
Domanda Casella Select % Corretto
A19 Palermo-Catania Catania
100%
A19 Palermo-Catania Palermo
100%
A28 Portogruaro-Pordenone-Conegliano Pordenone
100%
A19 Palermo-Catania Siracusa No
90%
A28 Portogruaro-Pordenone-Conegliano Treviso
90%
A28 Portogruaro-Pordenone-Conegliano Belluno No
80%
A4 Autostrada Serenissima Genova No
80%
A4 Autostrada Serenissima Milano
80%
A28 Portogruaro-Pordenone-Conegliano Padova No
80%
A4 Autostrada Serenissima Venezia
80%
A4 Autostrada Serenissima Bologna No
70%
A19 Palermo-Catania Enna
70%
A19 Palermo-Catania Messina No
70%
A6 Verdemare Savona
70%
A4 Autostrada Serenissima Torino
70%
A4 Autostrada Serenissima Trieste
70%
A6 Verdemare Alessandria No
60%
A6 Verdemare Imperia No
60%
A31 Autostrada della Val d'Astico Rovigo
60%
A6 Verdemare Torino
60%
A28 Portogruaro-Pordenone-Conegliano Udine No
60%
A31 Autostrada della Val d'Astico Venezia No
60%
A28 Portogruaro-Pordenone-Conegliano Venezia
60%
A31 Autostrada della Val d'Astico Verona No
60%
A31 Autostrada della Val d'Astico Vicenza
60%
A19 Palermo-Catania Caltanissetta
50%
A6 Verdemare Cuneo
40%
A6 Verdemare Genova No
40%
A31 Autostrada della Val d'Astico Padova
40%
A31 Autostrada della Val d'Astico Treviso No
30%
Nessun quiz corrispondente trovato
Distribuzione punteggi
Percentuale di utenti per punteggio
Percentile per numero di risposta
I tuoi punteggi nel tempo
Non hai fatto questo quiz